000 01766nam a22003137a 4500
001 5245
003 FISKH
005 20241121115141.0
008 241121b cb ||||| |||| 00| 0 eng d
020 _a9781785996122
040 _aFISKH
_beng
_cFISKH
_dFISKH
050 _aPS3511.A86
082 _a813.52
100 _aFaulkner, William
245 _aThe Sound and the Fury /
_cby William Faulkner
250 _aThis edition published in 2018
260 _aLondon :
_bArcturus Publihing Limited ;
_c2018 .
300 _a281 pages :
_billustrations ;
_c21 cm .
505 _aS
520 _aThe Sound and the Fury is the tragedy of the Compson family, featuring some of the most memorable characters in literature: beautiful, rebellious Caddy; the manchild Benjy; haunted, neurotic Quentin; Jason, the brutal cynic; and Dilsey, their black servant. Their lives fragmented and harrowed by history and legacy, the character's voices and actions mesh to create what is arguably Faulkner's masterpiece and one of the greatest novels of the twentieth century. "I give you the mausoleum of all hope and desire. . . . I give it to you not that you may remember time, but that you might forget it now and then for a moment and not spend all of your breath trying to conquer it. Because no battle is ever won he said. They are not even fought. The field only reveals to man his own folly and despair, and victory is an illusion of philosophers and fools." --from The Sound and the Fury
521 8 _a800
_bLexile
521 8 _aS
_bRaz-Plus
650 _anovel
_vfiction
650 _aMississippi
_vfiction
650 _astream of consciousness
_vfiction
700 _aAntolĂ­n Rato, Mariano
_etranslator
942 _2ddc
_cBK
_n0
999 _c5245
_d5245